000
00241nam a22001217a 4500
999
_c
528453
_d
528453
003
NUST
038
_a
MSOHAIL
082
_a
0
100
_a
ACI
_9
20254
245
_a
Concrete repair guide
260
_a
Michigan
_b
ACI
_c
2004
942
_2
ddc
_c
BK